Ngữ pháp tiếng Anh siêu tốc BBSC

שמור ב:
מידע ביבליוגרפי
מחבר ראשי: JAO. N. T.
פורמט: ספר
שפה:Undetermined
יצא לאור: Hà Nội Thế Giới 2000
נושאים:
תגים: הוספת תג
אין תגיות, היה/י הראשונ/ה לתייג את הרשומה!
Thư viện lưu trữ: Trung tâm Học liệu Trường Đại học Cần Thơ
LEADER 00597nam a2200193Ia 4500
001 CTU_39435
008 210402s9999 xx 000 0 und d
020 |b 25.000đ 
082 |a 428.24 
082 |b J35 
100 |a JAO. N. T. 
245 0 |a Ngữ pháp tiếng Anh siêu tốc BBSC 
245 0 |c JAO. N. T. 
260 |a Hà Nội 
260 |b Thế Giới 
260 |c 2000 
650 |a english language - grammar - study and teaching,english language - textbooks for foreign speakers 
904 |i Minh, 001121 
980 |a Trung tâm Học liệu Trường Đại học Cần Thơ